<?xml version="1.0" encoding="UTF-8"?><?xml-stylesheet type="text/xsl" href="static/style.xsl"?><OAI-PMH xmlns="http://www.openarchives.org/OAI/2.0/" xmlns:xsi="http://www.w3.org/2001/XMLSchema-instance" xsi:schemaLocation="http://www.openarchives.org/OAI/2.0/ http://www.openarchives.org/OAI/2.0/OAI-PMH.xsd"><responseDate>2026-04-27T23:40:00Z</responseDate><request verb="GetRecord" identifier="oai:riubu.ubu.es:10259/8849" metadataPrefix="marc">https://riubu.ubu.es/oai/request</request><GetRecord><record><header><identifier>oai:riubu.ubu.es:10259/8849</identifier><datestamp>2024-03-20T01:05:16Z</datestamp><setSpec>com_10259_4665</setSpec><setSpec>com_10259_5086</setSpec><setSpec>com_10259_2604</setSpec><setSpec>col_10259_4666</setSpec></header><metadata><record xmlns="http://www.loc.gov/MARC21/slim" xmlns:doc="http://www.lyncode.com/xoai" xmlns:xsi="http://www.w3.org/2001/XMLSchema-instance" xmlns:dcterms="http://purl.org/dc/terms/" xsi:schemaLocation="http://www.loc.gov/MARC21/slim http://www.loc.gov/standards/marcxml/schema/MARC21slim.xsd">
<leader>00925njm 22002777a 4500</leader>
<datafield tag="042" ind1=" " ind2=" ">
<subfield code="a">dc</subfield>
</datafield>
<datafield tag="720" ind1=" " ind2=" ">
<subfield code="a">San Martín Calvo, Marina</subfield>
<subfield code="e">author</subfield>
</datafield>
<datafield tag="260" ind1=" " ind2=" ">
<subfield code="c">2016-04</subfield>
</datafield>
<datafield tag="520" ind1=" " ind2=" ">
<subfield code="a">El 11 de octubre de 2011 la Comisión Europea aprobó una Propuesta de Reglamento del Parlamento Europeo y del Consejo, que incluía un proyecto de Normativa Común de Compraventa Europea (CESL), quizá la intervención legislativa europea más ambiciosa redactada hasta la fecha en el ámbito del Derecho de obligaciones. Aunque la Propuesta fue retirada en 2014, con el objeto de hacer algunas modificaciones, sus propuestas son muy esperanzadoras, y constituyen el punto de partida de un futuro Derecho contractual europeo.</subfield>
</datafield>
<datafield tag="520" ind1=" " ind2=" ">
<subfield code="a">Date October 11 (2011), the European Commission adopted a Proposal for a Regulation of the European Parliament and of the Council, which included a common set of rules for the European Sale Project (CESL), perhaps the most ambitious European legislative intervention drafted to date in the field of the law of obligations. Although the proposal was withdrawn in 2014, in order to make some modifications, its proposals are very hopeful, and constitute the point of departure for a future European contract law.</subfield>
</datafield>
<datafield tag="024" ind2=" " ind1="8">
<subfield code="a">1579-0452</subfield>
</datafield>
<datafield tag="024" ind2=" " ind1="8">
<subfield code="a">http://hdl.handle.net/10259/8849</subfield>
</datafield>
<datafield ind1=" " ind2=" " tag="653">
<subfield code="a">Normativa Común de Compraventa Europea</subfield>
</datafield>
<datafield ind1=" " ind2=" " tag="653">
<subfield code="a">CESL</subfield>
</datafield>
<datafield ind1=" " ind2=" " tag="653">
<subfield code="a">Derecho aplicable</subfield>
</datafield>
<datafield ind1=" " ind2=" " tag="653">
<subfield code="a">Roma I</subfield>
</datafield>
<datafield ind1=" " ind2=" " tag="653">
<subfield code="a">Contratos internacionales</subfield>
</datafield>
<datafield ind1=" " ind2=" " tag="653">
<subfield code="a">Contrato europeo</subfield>
</datafield>
<datafield ind1=" " ind2=" " tag="653">
<subfield code="a">Protección de consumidores</subfield>
</datafield>
<datafield ind1=" " ind2=" " tag="653">
<subfield code="a">Contratos con consumidores</subfield>
</datafield>
<datafield ind1=" " ind2=" " tag="653">
<subfield code="a">Contratos mercantiles</subfield>
</datafield>
<datafield ind1=" " ind2=" " tag="653">
<subfield code="a">Unión Europea</subfield>
</datafield>
<datafield ind1=" " ind2=" " tag="653">
<subfield code="a">Tráfico mercantil internacional</subfield>
</datafield>
<datafield ind1=" " ind2=" " tag="653">
<subfield code="a">Common Rules for European Sales</subfield>
</datafield>
<datafield ind1=" " ind2=" " tag="653">
<subfield code="a">Rome I</subfield>
</datafield>
<datafield ind1=" " ind2=" " tag="653">
<subfield code="a">Applicable law</subfield>
</datafield>
<datafield ind1=" " ind2=" " tag="653">
<subfield code="a">International contracts</subfield>
</datafield>
<datafield ind1=" " ind2=" " tag="653">
<subfield code="a">European contracts</subfield>
</datafield>
<datafield ind1=" " ind2=" " tag="653">
<subfield code="a">Protection of consumers</subfield>
</datafield>
<datafield ind1=" " ind2=" " tag="653">
<subfield code="a">Contracts with consumers</subfield>
</datafield>
<datafield ind1=" " ind2=" " tag="653">
<subfield code="a">Commercial contracts</subfield>
</datafield>
<datafield ind1=" " ind2=" " tag="653">
<subfield code="a">European Union</subfield>
</datafield>
<datafield ind1=" " ind2=" " tag="653">
<subfield code="a">International commercial traffic</subfield>
</datafield>
<datafield tag="245" ind1="0" ind2="0">
<subfield code="a">Las aportaciones de la normativa común de la compraventa europea (CESL): ¿un primer paso para la creación de un derecho contractual unitario?</subfield>
</datafield>
</record></metadata></record></GetRecord></OAI-PMH>